Oposiciones Escuela General de Policía (Record no. 40676)

MARC details
000 -LEADER
campo de control de longitud fija 00526nam a2200145 i 4500
001 - NÚMERO DE CONTROL
campo de control 40676
003 - IDENTIFICADOR DE NÚMERO DE CONTROL
campo de control ES-MaACL
007 - CAMPO FIJO DE DESCRIPCIÓN FÍSICA--INFORMACIÓN GENERAL
campo de control de longitud fija t|
008 - DATOS DE LONGITUD FIJA--INFORMACIÓN GENERAL
campo de control de longitud fija 030306s1967 sp ||||1| spa d
100 1# - ENTRADA PRINCIPAL--NOMBRE DE PERSONA
Nombre de persona Carrera y del Castillo, Nicolás de la.
9 (RLIN) 35646
245 10 - MENCIÓN DEL TÍTULO
Título Oposiciones Escuela General de Policía
Resto del título : apuntes sobre los temas del ejercicio oral : (derecho penal y procesal penal) /
Mención de responsabilidad, etc. Nicolás de la Carrera y del Castillo.
260 ## - PUBLICACIÓN, DISTRIBUCIÓN, ETC.
Lugar de publicación, distribución, etc. Madrid :
Nombre del editor, distribuidor, etc. [s.n.],
Fecha de publicación, distribución, etc. 1967.
300 ## - DESCRIPCIÓN FÍSICA
Extensión 174 p. ;
Dimensiones 24 cm.
852 ## - LOCALIZACIÓN
Ubicación ES-MaACL
Número de control de estantería B-8571
Sublocalización o colección R.66199
Holdings
Estatus retirado Estado de pérdida Estado de daño No para préstamo Biblioteca de origen Biblioteca actual Ubicación en estantería Fecha de adquisición Fuente de adquisición Total de préstamos Signatura topográfica completa Código de barras Visto por última vez Precio de reemplazo Tipo de ítem Koha
        Biblioteca del Ateneo de Madrid Biblioteca del Ateneo de Madrid Sala Pardo Bazán 17/01/2008     B-8571 1042824 23/02/2023 23/02/2023 Libro impreso